Realizovali vytýčené ciele

Bibliographic Details
Main Author: Dušek, Jaroslav (Author)
Format: Article
Language:Slovak
Subjects:

MARC

LEADER 00000nab a2200000 a 4500
001 vtls000148454
003 SK-MaSNL
005 20260302205931.0
008 111104c1983 xo 0 slo
015 |a SNBRB19rr/mm-uuuuu 
035 |a CL0158561 
040 |a SNKBUCL  |b slo  |c SNKBUCL  |e AACR2 
041 0 |a slo 
044 |a xo  |c SK 
080 |a 353  |2 1981 
100 1 |a Dušek, Jaroslav  |4 aut  |9 924446 
245 1 0 |a Realizovali vytýčené ciele  |c Jaroslav Dušek 
650 0 7 |a výbory národné okresné  |2 snkbucl  |9 922439 
651 7 |a 5305  |2 snkbucl  |9 277892 
655 7 |a články z novín a časopisov  |2 snkbucl  |9 267496 
773 0 |t Smer  |g Roč. 35, č. 81 (7. 4. 1983), s. 1 
850 |a Slovenská národná knižnica v Martine  |a MTA001 
852 |a SNK  |b KIS3GCP 
958 |a RK 
992 |a RBX 
999 |c 1480139  |d 1482069